| 000 | 005490000a22001810004500 | ||
|---|---|---|---|
| 003 | MACL | ||
| 005 | 20160206111137.0 | ||
| 008 | 160206b xxu||||| |||| 00| 0 eng d | ||
| 040 |
_aMACL _cMACL |
||
| 041 | _aSanskrit | ||
| 082 | _a100 | ||
| 100 |
_aगांधी महात्मा _937030 |
||
| 245 | _aसर्वोदय | ||
| 260 |
_bसस्ता साहित्य मएडल प्रकाशन _c1952 _aनई दिल्ली |
||
| 350 | _a.60 | ||
| 650 |
_aPhilosophy _937031 |
||
| 942 |
_cSAN _k100 _2ddc |
||
| 999 |
_c23467 _d23467 |
||